Bola som tam tiež

Bibliographic Details
Main Author: Bruchániková, Eva, 1968- (Author)
Format: Article
Language:Slovak
ISSN:0231-6714
Subjects:

MARC

LEADER 00000nab a2200000 a 4500
001 vtls000655021
003 SK-MaSNL
005 20260304094823.0
008 250425c1998 xo 0 slo
015 |a SNBRA1998/03-07582 
035 |a CLN000007214 
035 |a urn:nbn:sk:snk-abbrln 
035 |a (urnnbn)urn:nbn:sk:snk:ar-0000c0 
035 |a (uuid)d02b299e-13ae-4aaa-9240-ad51c8f647bc 
040 |a SNKBUCL  |b slo  |c SNKBUCL  |e AACR2 
041 0 |a slo 
044 |a xo  |c SK 
080 |a 82:061.3(436)  |2 1997 
100 1 |a Bruchániková, Eva,  |d 1968-  |4 aut  |9 26215 
245 1 0 |a Bola som tam tiež  |c Eva Bruchániková 
504 |a Biogr. údaje 
650 0 7 |a literatúra umelecká  |x aspekty mužské a ženské  |x konferencie  |2 snkbucl  |9 1391552 
655 7 |a články z novín a časopisov  |2 snkbucl  |9 267496 
773 0 |t Romboid  |g Roč. 33, č. 1 (1998), s. 91-93  |x 0231-6714 
850 |a Slovenská národná knižnica 
852 |a Slovenská národná knižnica 
958 |a article15 
958 |a OND 
958 |a LX 
958 |a AT 
958 |a EUIPO 
992 |a RBX 
999 |c 2829138  |d 2831068